| 000 | 00432cam a2200169ua 4500 | ||
|---|---|---|---|
| 003 | OSt | ||
| 008 | 250130b |||||||| |||| 00| 0 eng d | ||
| 041 | _aeng | ||
| 082 |
_a621.3028 _bIND/IN |
||
| 100 |
_aIndulkar, C.S . _97046 |
||
| 245 | _aIntroduction to engineering materials / | ||
| 250 | _a4 / | ||
| 260 |
_aNew Delhi : _bS.Chand and Co , _c1994. |
||
| 300 | _a468 ; . | ||
| 700 | 1 |
_aThiruvengadam, S . _97047 |
|
| 942 | _cBK | ||
| 999 |
_c7525 _d7525 |
||